| 000 | 00517cam a2200193ua 4500 | ||
|---|---|---|---|
| 001 | 1293 | ||
| 008 | 110701n ii |||gr||||Z||||||eng | ||
| 020 | _a81-87125-73-x | ||
| 040 | _cMAIN | ||
| 082 | _a338.9 | ||
| 245 | 1 | 0 |
_aEconomics of developement and planning. _cBy M L Jhingan. |
| 250 | _a36th. | ||
| 260 |
_aNew Delhi.: _bVrinda publications., _c2003. |
||
| 300 |
_axix, 864 p.: _c25 cm. |
||
| 653 | _aEconomics. | ||
| 653 | _aEconomics of developement and planning. | ||
| 700 | 1 | _aJhingan, M L., | |
| 942 | _cBK | ||
| 999 |
_c1194 _d1194 |
||